Summer days / (Record no. 7394)

MARC details
000 -LEADER
fixed length control field 01447nam a22002657a 4500
001 - CONTROL NUMBER
control field 7394
003 - CONTROL NUMBER IDENTIFIER
control field FISKH
005 - DATE AND TIME OF LATEST TRANSACTION
control field 20250711145804.0
008 - FIXED-LENGTH DATA ELEMENTS--GENERAL INFORMATION
fixed length control field 250711b cb ||||| |||| 00| 0 eng d
040 ## - CATALOGING SOURCE
Original cataloging agency FISKH
Language of cataloging eng
Transcribing agency FISKH
Modifying agency FISKH
050 ## - LIBRARY OF CONGRESS CALL NUMBER
Classification number QB637.B87
082 ## - DEWEY DECIMAL CLASSIFICATION NUMBER
Classification number 574.5
100 ## - MAIN ENTRY--PERSONAL NAME
Personal name Burt, Denise
245 ## - TITLE STATEMENT
Title Summer days /
Statement of responsibility, etc. Denise Burt
260 ## - PUBLICATION, DISTRIBUTION, ETC.
Place of publication, distribution, etc. Vicyoria :
Name of publisher, distributor, etc. Hodder & Stoughton,
Date of publication, distribution, etc. 1986.
300 ## - PHYSICAL DESCRIPTION
Extent 22 unnumbered pages :
Other physical details color illustrations ;
Dimensions 24 cm
505 ## - FORMATTED CONTENTS NOTE
Formatted contents note G<br/>
520 ## - SUMMARY, ETC.
Summary, etc. Summer Days is a gentle and beautifully illustrated picture book that captures the sights, sounds, and simple joys of summertime in Australia. Through easy-to-read text and vibrant drawings, the story follows a young child experiencing warm, sunny days filled with fun outdoor activities.<br/><br/>The child enjoys beach trips, picnics in the park, swimming, and playing under the sun. The story highlights family time, summer holidays, and the natural beauty of the Australian landscape—bright flowers, blue skies, and buzzing insects. The language is simple, making it perfect for preschool and early readers.<br/><br/>The book helps children learn about the season of summer, emphasizing sensory experiences and everyday pleasures.
521 8# - TARGET AUDIENCE NOTE
Target audience note 380<br/>
Source Lexile estimate<br/>
521 8# - TARGET AUDIENCE NOTE
Target audience note G<br/>
Source Raz-Plus<br/>
650 ## - SUBJECT ADDED ENTRY--TOPICAL TERM
Topical term or geographic name entry element Summer
Form subdivision Photographs
General subdivision Weather
650 ## - SUBJECT ADDED ENTRY--TOPICAL TERM
Topical term or geographic name entry element Picture book
Form subdivision Seasons
General subdivision Science & Nature
942 ## - ADDED ENTRY ELEMENTS (KOHA)
Source of classification or shelving scheme Dewey Decimal Classification
Koha item type Books
Suppress in OPAC No
Holdings
Withdrawn status Lost status Source of classification or shelving scheme Damaged status Not for loan Collection Home library Current library Shelving location Date acquired Total Checkouts Full call number Barcode Date last seen Date last checked out Copy number Price effective from Koha item type
    Dewey Decimal Classification     Juvenile Fiction Footprints International School Library Network Toul Kork Campus Footprints International School Library Network Toul Kork Campus TK Primary Library Room(4th Floor), Bookcase 1&2, Shelves 1-16, Dark Blue Books 07/11/2025 1 BUR 574.5 QB637.B87 FISTK04344 11/12/2025 10/01/2025 1 07/11/2025 Books